000 nam a22 7a 4500
999 _c8413
_d8413
008 180116b ||||| |||| 00| 0 eng d
100 _94816
_aARIHANT PRAKASHAN
245 _aMATHEMATICATICS WORK BOOK-6
260 _aMEERAT
_bARIHAND
_c2015